[Event "Muensterland Verbandsliga 0708"]
[Site "Germany"]
[Date "2007.09.08"]
[Round "1.3"]
[White "Rehfeldt, Frank"]
[Black "Ommen, Tobias"]
[Result "1/2-1/2"]
[WhiteElo "2054"]
[BlackElo "1971"]
[PlyCount "84"]
[EventDate "2007.09.08"]
[EventType "team"]
[EventRounds "9"]
[EventCountry "GER"]
[SourceTitle "EXT 2009"]
[Source "ChessBase"]
[SourceDate "2008.11.26"]
[SourceVersion "1"]
[SourceVersionDate "2008.11.26"]
[SourceQuality "1"]
[WhiteTeam "Westbevern"]
[BlackTeam "Olfen"]
[WhiteTeamCountry "GER"]
[BlackTeamCountry "GER"]

1. e4 c6 2. d4 d5 3. e5 Bf5 4. Be3 e6 5. Nd2 Nd7 6. c3 a6 7. f4 Rc8 8. b4 h5 9. Be2 Bg6 10. Ngf3 Nh6 11. Bf2 Be7 12. Nf1 Nf5 13. Ne3 Nb6 14. Nxf5 Bxf5 15. Bd3 Bxd3 16. Qxd3 g6 17. 0-0 Nc4 18. Nd2 Nxd2 19. Qxd2 Kf8 20. Be3 Kg7 21. Qd3 Qc7 22. Bd2 Ra8 23. Qg3 Qd7 24. Rf3 a5 25. Raf1 h4 26. Qg4 Rh5 27. a3 b6 28. Be1 axb4 29. axb4 c5 30. bxc5 bxc5 31. Bf2 Ra3 32. dxc5 Qc6 33. f5 Rxf5 34. Rxf5 exf5 35. Qb4 Ra2 36. Bd4 Qa6 37. Qb1 Qc4 38. Kh1 Rb2 39. Qa1 Ra2 40. Qb1 Rb2 41. Qa1 Ra2 42. Qb1 Rb2 1/2-1/2

[Event "Muensterland Verbandsliga 0607"]
[Site "Germany"]
[Date "2007.04.14"]
[Round "8.5"]
[White "Hoge, Reinhard"]
[Black "Rehfeldt, Frank"]
[Result "0-1"]
[WhiteElo "1957"]
[BlackElo "2047"]
[PlyCount "58"]
[EventDate "2006.09.16"]
[EventType "team"]
[EventRounds "9"]
[EventCountry "GER"]
[SourceTitle "EXT 2008"]
[Source "ChessBase"]
[SourceDate "2007.11.25"]
[SourceVersion "1"]
[SourceVersionDate "2007.11.25"]
[SourceQuality "1"]
[WhiteTeam "Saerbeck"]
[BlackTeam "Westbevern"]
[WhiteTeamCountry "GER"]
[BlackTeamCountry "GER"]

1. Nf3 Nf6 2. g3 d5 3. Bg2 g6 4. 0-0 Bg7 5. d3 0-0 6. Nbd2 Nbd7 7. e4 dxe4 8. dxe4 Nc5 9. Qe2 c6 10. h3 Qc7 11. Nh4 b6 12. Nb3 Ba6 13. c4 Nfd7 14. f4 Rad8 15. Be3 Ne6 16. e5 f6 17. Qg4 Bxc4 18. Rfc1 f5 19. Qf3 Bd5 20. Qf2 Bxg2 21. Qxg2 Nb8 22. Nf3 Rd3 23. Qe2 Rd5 24. Qc4 Qd7 25. Nbd4 Nxd4 26. Nxd4 e6 27. Nxc6 Nxc6 28. Qxc6 Rd1+ 29. Kg2 Qxc6+ 0-1